| 000 | 00383 a2200145 4500 | ||
|---|---|---|---|
| 005 | 20250603071647.0 | ||
| 020 | _a978-0-07-070071-0 | ||
| 100 | _aSAMUELSON, P.A | ||
| 245 | _aEconomics | ||
| 250 | _a19th Ed. | ||
| 260 |
_aNew Delhi _bMcGraw Hill Education _c2013 |
||
| 300 |
_axxx, 916p.: ill; graphs, tables. _bGlossary & Index _c24 cm |
||
| 700 | _aNORDHAUS, W.D | ||
| 942 |
_2ddc _cBKS |
||
| 999 |
_c3066 _d3066 |
||